Q: Skills for success : Reading and writing (Teacher's handbook)

This book helps students to measure their progress, with clearly stated unit objectives that motivate students to achieve their language learning goals.

Na minha lista:
Detalhes bibliográficos
Formato: Livro
Idioma:Undetermined
Publicado em: Oxford,New York Oxford University Press 2011
Assuntos:
Tags: Adicionar Tag
Sem tags, seja o primeiro a adicionar uma tag!
Thư viện lưu trữ: Trung tâm Học liệu Trường Đại học Cần Thơ
LEADER 00851nam a2200229Ia 4500
001 CTU_229680
008 210402s9999 xx 000 0 und d
082 |a 428.24 
082 |b Q9/L.1 
245 0 |a Q: Skills for success : 
245 0 |b Reading and writing (Teacher's handbook) 
245 0 |c Lawrence Lawson 
260 |a Oxford,New York 
260 |b Oxford University Press 
260 |c 2011 
520 |a This book helps students to measure their progress, with clearly stated unit objectives that motivate students to achieve their language learning goals. 
526 |a Đọc - Viết B1 
526 |b FL205 
650 |a English language,Tiếng Anh 
650 |x Textbooks for foreign speakers,Sách giáo khoa cho người nước ngoài 
910 |a Hải 
980 |a Trung tâm Học liệu Trường Đại học Cần Thơ